HGGSP : Mémoires et environnement - Statistiques

Statistiques générales
  • Ce quiz a été pris 2 251 fois
    1 283 depuis la dernière actualisation
  • Le résultat moyen est 21 sur 51
Statistiques - réponses
Question Réponse % Correct
Dans quelle ville se déroule le premier grand procès international contre les criminels de guerre nazis ? Nuremberg
97%
Ce terme est-il retenu comme chef d'accusation lors du procès précédemment évoqué ? (Oui ou non) Non
89%
Dans quel pays d'Afrique se déroule un génocide en 1994 ? Rwanda
76%
Ce tribunal a-t-il permis d'apaiser toutes les mémoires ? Non
73%
Dans quelle ville japonaise se déroule un autre grand procès liés à la Seconde Guerre mondiale ? Tokyo
73%
La qualification de génocide est-elle acceptée par tous ? Non
72%
Cette juridiction internationale, couplée au tribunaux nationaux rwandais, est-elle suffisante ? Non
72%
Quelle population est la cible prioritaire du génocide ? Les tutsi
71%
Dans quel ancien pays d'Europe une vague de violence se déchaine-t-elle dans les années 1990 ? Yougoslavie
71%
Le crime de génocide est-il retenu comme chef d'accusation par ce tribunal ? Oui
70%
Quel centre de mise à mort, encore debout et aujourd'hui un musée, symbolise la violence de la Seconde Guerre mondiale ? Auschwitz
68%
En quelles années ce procès a-t-il lieu ? (format ...-...) 1945-1946
65%
Quel mot hébreux, désignant la catastrophe, désigne le génocide perpétré contre les juifs ? Shoah
63%
Que met en place l'ONU pour répondre à cette violence ? (Réponse sous forme de sigle) TPIR
60%
Que met en place l'ONU pour répondre à cette violence ? (Réponse sous forme de sigle) TPIY
59%
Dans quel pays d'aujourd'hui, cette ville se trouve-t-elle ? Bosnie-Herzégovine
58%
Quelle juridiction traditionnelle est mise en place afin de répondre aux spécificités de ce génocide ? Gacaca
58%
Quel président français reconnaît l'implication française lors du Vel d'Hiv ? Chirac
57%
Quel criminel de guerre nazi est notamment jugé en France en 1987 ? Klaus Barbie
50%
Quelle est alors la religion majoritaire dans cet espace ? Islam
49%
Où est le siège de ce tribunal ? La Haye
49%
Dans quel pays a lieu son procès ? Israël
47%
Quand ce pays réclame-t-il son indépendance ? 1992
46%
Quand la Cour pénale internationale entre-t-elle en vigueur ? 2002
46%
Qui est considéré comme l'ordonnateur de la solution finale ? Eichmann
45%
Quelle ville symbolise cette violence ? Srebrenica
42%
Qui forge le néologique "Génocide" en 1943 ? Lemkin
41%
Quand débute son procès ? 1961
40%
Quel film documentaire de 1985 est constitué de plusieurs heures d'entrevues avec des témoins de la solution finale ? Shoah
34%
Quel livre de Primo Levi est un témoignage direct du génocide juif ? Si c'est un homme
34%
Quel film, critiqué par le réalisateur précédent, sort en 1993 est rencontre un très large succès ? La Liste de Schindler.
29%
Quel mémorial israélien est construit à partir de 1957 à Jérusalem ? Yad vashem
26%
Quand les crimes contre l'humanité deviennent-ils imprescriptibles dans le monde ? 1968
25%
Quelle intellectuelle parle de "banalité du mal" Hannah Arendt
25%
Quel roman graphique de 1986, mêlant fiction et témoignage, permet de transmettre le génocide juif avec un autre regard ? Maus
25%
Quel couple symbolise, en France, les chasseurs de Nazis ? Klarsfeld
23%
Quel militaire, surnommé le "boucher des Balkans", est le commandant en chef des troupes Serbe de Bosnie Mladic
21%
Qui est réalisateur de ce film documentaire ? Lanzmann
19%
Qui est président de ce pays avant le génocide ? Habyarimana
18%
Dans quelle ville allemande se déroule de nouveaux procès à partir de 1963 ? Francfort
16%
Quel chancelier allemand pense qu'il faut "laisser le passé au passé" ? Adenauer
10%
Quel chancelier allemand s'agenouille au Ghetto de Varsovie ? Brandt
10%
Quelle historienne a travaillé sur cette juridiction ? Hélène Dumas
10%
Comment se prénomme le premier président de la République Serbe de Bosnie ? Karadzic
10%
Quelle expression est utilisée pour désigner cette violence ? Nettoyage ethnique
10%
Quel mot romani peut-être utilisé pour désigner le génocide des tsiganes pendant la Seconde Guerre mondiale ? (Autre mot que Porajmos) Samudaripen
7%
Quel film de 1960 montre la solution finale avec des effets de cinéma ? Kapo
4%
Quelle historienne parle d'ère du témoin à l'occasion de ce procès ? Wieviorka
4%
Quel historien, britannique, est le premier témoin appelé à la barre de ce tribunal ? James Gow
2%
Quel critique de cinéma s'oppose alors à cette "esthétisation" ? Rivette
2%
Cela a permis un "travail de mémoire", mais quel est le terme allemand pour cela ? Vergangenheitsbewältigung
1%
Aucun quiz correspondant
Distribution des résultats
% des personnes avec chaque résultat
Percentile par nombre de réponses
Votre historique - résultats
Vous n’avez pas pris ce quiz depuis la dernière actualisation